| 000 | 00427nam a2200133Ia 4500 | ||
|---|---|---|---|
| 001 | 2040 | ||
| 008 | 241024s9999 xx 000 0 und d | ||
| 082 | _aRD/370.97293/R426r/2001-2010 | ||
| 100 | _aRepública Dominicana.Ministerio de Educación.Consejo Nacional de Educación | ||
| 245 | 0 | _aRegistro de Ordenanzas, 2001-2010. Organo Técnico | |
| 260 |
_bSanto Domingo _c2011 |
||
| 901 | _a26/12/2011 12:11:04 p.m. | ||
| 999 |
_c8982 _d8982 |
||